000 01335cam a22002535a 4500
001 116016
008 110328s2016 xxk 000 0 eng u
035 _a(Sirsi) u159576
041 _aeng
050 _a333.0062 $2 18
110 _aInternational Ethics Standards Coalition
_96186
245 _aInternational ethics standards
_ban ethical framework for the global property market
_h[electronic resource]
260 _bIESC
_c2016
520 _aA global set of high-level ethical principles, which will serve as an anchor to appropriate behaviours, has been written by a group of independent industry leaders and international ethics and compliance experts appointed by Trustees of the IES Coalition. Included in the group are prominent real estate representatives from Russia, China, France, the USA, Germany, Brazil, Japan, Malaysia, Canada and the UK.
590 _aKA NTK
650 _aRICS REGULATIONS
650 _aRICS RULES OF CONDUCT
650 2 4 _aETHICS
650 2 4 _aINTERNATIONAL ETHICS STANDARDS
651 4 _aInternational
690 _aMANAGEMENT-BUSINESS MANAGEMENT-PROFESSIONAL PRACTICE
856 4 1 _uhttps://www.rics.org/globalassets/rics-website/media/upholding-professional-standards/standards-of-conduct/international-ethics-standards-ies-rics.pdf
_zView the item at www.rics.org
942 _n0
_2ddc
999 _c116016
_d116016